LEADER 01546nam 2200409 450 001 9910713063303321 005 20200320092537.0 035 $a(CKB)5470000002499569 035 $a(OCoLC)1145339391 035 $a(EXLCZ)995470000002499569 100 $a20200320d2018 ua 0 101 0 $aeng 135 $aur||||||||||| 181 $ctxt$2rdacontent 182 $cc$2rdamedia 183 $acr$2rdacarrier 200 10$a2020 Census: actions needed to improve in-field address canvassing operation $ereport to congressional requesters 210 1$a[Washington, D.C.] :$cUnited States Government Accountability Office,$d2018. 215 $a1 online resource (ii, 27 pages) $ccolor illustrations 300 $a"June 2018" 300 $a"GAO-18-414." 320 $aIncludes bibliographical references. 517 $a2020 Census 606 $aCensus takers (Persons)$xTraining of$zUnited States 606 $aCensus takers (Persons)$xRecruiting$zUnited States 606 $aLaptop computers$xGovernment policy$zUnited States 607 $aUnited States$xCensus, 2020$xData processing$xPlanning 607 $aUnited States$xCensus, 2020$xData processing$xMethodology 615 0$aCensus takers (Persons)$xTraining of 615 0$aCensus takers (Persons)$xRecruiting 615 0$aLaptop computers$xGovernment policy 801 0$bGPO 801 1$bGPO 906 $aBOOK 912 $a9910713063303321 996 $a2020 Census: actions needed to improve in-field address canvassing operation$93496927 997 $aUNINA LEADER 01747nas 2200493-a 450 001 9910134872203321 005 20260218113036.0 011 $a2451-8182 035 $a(CKB)110985822454400 035 $a(CONSER)---42048610- 035 $a(DE-599)ZDB2850150-0 035 $a(DE-599)2850150-0 035 $a(EXLCZ)99110985822454400 100 $a20780301c1928uuuu --- b 101 0 $aspa 181 $ctxt$2rdacontent 182 $cc$2rdamedia 183 $acr$2rdacarrier 200 00$aAnales de la Academia Nacional de Ciencias Exactas, Físicas y Naturales de Buenos Aires 210 $aBuenos Aires $cTalleres Gráficos "Tombas Polumbo" 215 $a1 online resource 311 08$aPrint version: Anales de la Academia Nacional de Ciencias Exactas, Físicas y Naturales de Buenos Aires. 0365-1185 (DLC) 42048610 (OCoLC)3680944 531 $aAN ACAD NAC CIENC EXACTAS FIS NAT B AIRES 531 0 $aAn. acad. nac. cienc. exactas, fís. nat., B. Aires 606 $aScience$vPeriodicals 606 $aScience$2fast$3(OCoLC)fst01108176 606 $aSocietats científiques$2thub 606 $aCiències naturals$2thub 606 $aMatemàtica$2thub 606 $aFísica$2thub 608 $aPeriodicals.$2fast 615 0$aScience 615 7$aScience. 615 7$aSocietats científiques. 615 7$aCiències naturals. 615 7$aMatemàtica. 615 7$aFísica. 676 $a506.282 712 02$aAcademia Nacional de Ciencias Exactas, Fi?sicas y Naturales (Argentina) 906 $aJOURNAL 912 $a9910134872203321 920 $aexl_impl conversion 996 $aAnales de la Academia Nacional de Ciencias Exactas, Físicas y Naturales de Buenos Aires$92219407 997 $aUNINA